| 000 | 01011nam a22002657a 4500 | ||
|---|---|---|---|
| 003 | BD-DhSAU | ||
| 005 | 20190514122729.0 | ||
| 008 | 151020b2014 bg ||||| |||| 001 0 eng d | ||
| 040 | _aBD-DhSAU | ||
| 082 |
_222 _a630 _bA3158 |
||
| 100 |
_aAkther, Zakia _eRegistration # 07-02485 |
||
| 245 |
_aEffect of nitrogen levels and time of applications on yield and quality of soybean / _bMS thesis |
||
| 260 |
_aSher-e-Bangla Agricultural Uniersity : _bDepartment of Agronomy _c2014 |
||
| 300 |
_axiii, 70 p. : _bill. ; _c30 cm. |
||
| 500 | _aMS thesis of Department of Agronomy , Faculty of Agriculture, Sher-e-Bangla Agricultural University, Dhaka, Bangladesh | ||
| 590 | _aMd. Sirajul Islam | ||
| 650 | _aAgronomy | ||
| 650 | _aNitrogen | ||
| 650 | _aYield | ||
| 650 | _aSoybean | ||
| 700 |
_aRoy, Tuhin Suvra _eSupervisor |
||
| 700 |
_aKarim, Md. Fazlul _eCo-Supervisor |
||
| 856 |
_uhttp://archive.saulibrary.edu.bd:8080/xmlui/handle/123456789/2516 _yOnline Access |
||
| 942 |
_2ddc _cTHESIS |
||
| 999 |
_c13168 _d13167 |
||